Marriage and sexuality in Islam : a translation of al- Ghazālī's book on the etiquette of marriage from the Iḥyāʼ /

Bibliographic Details
Main Author: Ghazzālī, 1058-1111
Other Authors: Farah, Madelain
Format: Book
Language:English
Arabic
Published: Salt Lake City, Utah : University of Utah Press, 1984.
Subjects:

MARC

Tag First Indicator Second Indicator Subfields
LEADER 00000cam a2200000 a 4500
001 in00000027909
005 20151007054646.0
008 831227s1984 utu b s00110 eng
010 |a  83027365  
020 |a 0874802318 :  |c $20.00 
035 |a (OCoLC)10301114 
035 |9 AAB5852AM 
040 |a DLC  |c DLC  |d m/c  |d TXA  |d UtOrBLW 
041 1 |a eng  |a ara 
049 |a TXAM  |c [A11061008] 
050 0 0 |a HQ525.I8  |b G5513 1984 
082 0 |a 297/.19783581  |2 19 
100 0 |a Ghazzālī,  |d 1058-1111. 
240 1 0 |a Iḥyāʼ ʻulūm al-dīn.  |n Book 12.  |l English 
245 1 0 |a Marriage and sexuality in Islam :  |b a translation of al- Ghazālī's book on the etiquette of marriage from the Iḥyāʼ /  |c by Madelain Farah. 
264 1 |a Salt Lake City, Utah :  |b University of Utah Press,  |c 1984. 
300 |a xii, 185 pages ;  |c 24 cm. 
336 |a text  |b txt  |2 rdacontent 
337 |a unmediated  |b n  |2 rdamedia 
338 |a volume  |b nc  |2 rdacarrier 
500 |a Translation of the twelfth book of the author's Iḥyāʼ ʻulūm al-dīn. 
500 |a Originally presented as the translator's thesis (doctoral--University of Utah) 
504 |a Bibliography: pages [169]-177. 
500 |a Includes index. 
650 0 |a Marriage  |x Religious aspects  |x Islam  |x Early works to 1800. 
700 1 |a Farah, Madelain. 
999 |a MARS 
999 f f |s f6fafeca-52a3-3542-867a-96b72099d0c7  |i 7c7cfc68-6c68-39d4-86c8-32568ce74230  |t 0 
952 f f |p ric  |a Texas A&M University  |b Rellis Campus  |c Joint Library Facility  |d Remote Storage  |t 0  |e HQ525.I8 G5513 1984  |h Library of Congress classification  |i unmediated -- volume  |m A14811061008 
998 f f |a HQ525.I8 G5513 1984  |t 0  |l Remote Storage